Регионална библиотека "Любен Каравелов" - Русе

Икономическа информатика (Запис номер 20447)

MARC детайли
000 -Лидер
Контролно поле с фиксирана дължина nam a22 a 4500
003 - Код на организацията, давaща контролен номер
Контролно поле BLK
005 - Дата и час на последна редакция
Контролно поле 20230413120119.0
008 - Елементи от данни с фиксирана дължина
fixed length control field 180413b bul|||||r ||||||| ||bul||
010 ## - Наследен системен номер
LC control number KNG00022670000
040 ## - Източник на каталожния запис
Идентификатор на билиотеката - собственик на записа BLK
041 ## - Код за език
Код за езика на текст/звукозапис или на отделно заглавие Български
Код за езика КДБФ Български
080 ## - УДК
Текстов определител УДК Автоматизация
УДК код - определител по УДК 005.591.6
УДК определител (035)
УДК - код + определител 005.591.6(035)
080 ## - УДК
Текстов определител УДК Информационни системи (в автоматичното управление)
УДК код - определител по УДК 681.518
УДК определител (035)
УДК - код + определител 681.518(035)
100 1# - Редна дума - Автор
Автор Айков, Стоян Ангелов
Авторска отговорност първи автор
R(LIN) 29782
139 ## - Редно поле
Редна дума Айков, Стоян Ангелов
Авторски знак Аи - А 37
245 10 - Сведения за заглавието
Заглавие Икономическа информатика
Подзаглавни данни Ръководство : Ч. 1 -
Редно поле (дума) Стоян Ангелов Айков.
Том Ч. 3
257 ## - Страна на издаване
Страна на създаване/издаване България
260 ## - Област на издателските данни
Място на издаване, разпространение и проч. София
Име на издателя, разпространителя и проч. Унив. изд. Стопанство
Година на издаване 1993
300 ## - Физическа характеристика
Размери/Мащаб 19 см
380 ## - Жанр
Жанр Техника
500 ## - Общи забележки
Забележка Изд. на УНСС - София ; Библиогр. с. 230
504 ## - Забележка за наличие на библиография и др
Забележка за наличие на библиография и под. 230
650 #4 - Допълнително описание по предмет – тема
Основно описание – тема или топоним Икономическа информация - обработка на електронноизчислителни машини
9 (RLIN) 248884
650 #4 - Допълнително описание по предмет – тема
Основно описание – тема или топоним Информационни системи, автоматизирани
9 (RLIN) 264228
653 ## - Ключова дума – ненормативна
Ключова дума информационни системи
653 ## - Ключова дума – ненормативна
Ключова дума икономическа информатика
760 1# - Описание на основната серия
Редна дума на основното описание Айков, Стоян Ангелов
Място на издаване, издател и година 1993
Страници - том 235 с. : със сх., 21 см
Заглавие Ч. 3
852 ## - Местоположение
Форматна сигнатура Цб 173081
Фондова буква Хранилище
856 4# - Електронен адрес и достъп
Електронен формат pdf - файл
Път до файла /url/
Инструкция (цена за достъп) 0.00
Права за достъп disable
856 4# - Електронен адрес и достъп
Електронен формат pdf - файл
Път до файла /url/
Инструкция (цена за достъп) 0.00
Права за достъп disable
999 ## - СИСТЕМНИ КОНТРОЛНИ НОМЕРА
Koha biblionumber 20447
Koha biblioitemnumber 20447
942 ## - АРТИКУЛИ
Вид на библиотечния материал Книги
Скрит в OPAC Не
Периодичен библиозапис Да
944 ## - СЪЗДАВАНЕ И РЕДАКЦИЯ на ЗАПИСА
Създаване/Редакция Създаване
Дата на регистрацията/редакция 16.03.2006
Служител, извършил регистрацията/редакцията Геновева_Генчева
944 ## - СЪЗДАВАНЕ И РЕДАКЦИЯ на ЗАПИСА
Създаване/Редакция Редакция
Дата на регистрацията/редакция 16.03.2006
999 ## - СИСТЕМНИ КОНТРОЛНИ НОМЕРА
Koha biblioitemnumber 20447
Наличности
Код за отписване Код за изгубен артикул Източник на класификационната схема Код за повреда Коз за рестрикции Код за отдаване Артикулен № Име на библиотеката - собственик Име на библиотеката, в която се намира в момента Статус (Текущо местоположение) Дата на вписване в системата Местоположение - отдел Цена в лева Инвентарен номер Систематично азбучна сигнатура Баркод Номер на екземпляра Цена в евро Служебна бележка Служебен тип на артикула
Изтеглен Не е изгубен Universal Decimal Classification Не е повреден без рестрикции заемане за дома 33911 Регионална библиотека "Любен Каравелов" Русе Регионална библиотека "Любен Каравелов" Русе Заемна - подръчен фонд 1993-01-01 Заемна - подръчен фонд 3.50 579550 П 65.011/А 37 579550 1 1.79 Дост: Pk Вид: Ф N: стар фонд Дата: 01.01.1993 Дата инв: 06.02.2018 Бележки инв: П2018 Книги
  Не е изгубен Universal Decimal Classification Не е повреден без рестрикции ползва се в читалня 33912 Регионална библиотека "Любен Каравелов" Русе Регионална библиотека "Любен Каравелов" Русе Хранилище 1993-01-01 Основен фонд - ползва се само за читалня 1.75 579551 Цб 173081 120000579551 2 0.89 Дост: Pk Вид: Ф N: стар фонд Дата: 01.01.1993 Книги
Vip Innovations Ltd, Rousse, Bulgaria 2025